Statistics for Songs Named for Women

Click here to take the quiz!

General Stats

  • This quiz has been taken 38 times
  • The average score is 9 of 25

Answer Stats

ArtistTitle/Name% Correct
Michael JacksonBillie Jean
71%
Neil DiamondSweet Caroline
66%
The PoliceRoxanne
63%
Rod StewartMaggie May
57%
Barry ManilowMandy
57%
Derek and the DominosLayla
54%
The KinksLola
46%
The Rolling StonesAngie
43%
Simon and GarfunkelCecilia
43%
The KnackMy Sharona
43%
Buddy HollyPeggy Sue
37%
Little RichardGood Golly Miss Molly
34%
SantanaMaria Maria
31%
Fleetwood MacRhiannon
31%
The BeatlesEleanor Rigby
29%
TotoRosanna
29%
Arlo GuthrieAlice's Restaurant Massacree
20%
BostonAmanda
20%
Pink FloydSee Emily Play
20%
Crosby, Stills and NashSuite: Judy Blue Eyes
20%
Los Del RioMacarena
17%
Van HalenJamie's Cryin'
9%
Creedence Clearwater RevivalSusie Q
9%
TrainMeet Virginia
6%
Billy JoelRosalinda's Eyes
3%

Score Distribution

Percentile by Number Answered

Percent of People with Each Score

Your Score History

You have not taken this quiz